Gorilla Tag Content creators - Statistics

General Stats
  • This quiz has been taken 184 times
    180 since last reset
  • The average score is 4 of 14
Answer Stats
Hint Answer % Correct
Monkey Monkey Monkey Jmancurly
96%
TTV Tryhard VMT
72%
Club boiz TTT
70%
2v6 TTTpig
55%
2v6 Mosa
22%
Map Maker Apollo
19%
Running Lucio
15%
Legs fishlegs
11%
Creator Lemmings
5%
Duck CapDuckk
3%
Cookie Oreo
3%
Screems ReeKid
3%
Best friend Skill issue
3%
Me TTTDuckk
3%
No matching quizzes found
Score Distribution
Percent of People with Each Score
Percentile by Number Answered
Your Score History
You have not taken this quiz since the last reset